Think like a shrink : (Record no. 14620)
[ view plain ]
| 000 -LEADER | |
|---|---|
| fixed length control field | 00485pam a2200145 a 4500 |
| 020 ## - ISBN | |
| International Standard Book Number | 0446516473 : |
| Terms of availability | $18.95 ($22.95 Can.) |
| 050 00 - LIBRARY OF CONGRESS CALL NUMBER | |
| Classification Number | RC 480.55 |
| Item Number | .Z65 1992 |
| 100 1# - MAIN ENTRY--Author | |
| Personal name | Zois, Christ. |
| 245 10 - TITLE | |
| Title | Think like a shrink : |
| Remainder of title | solve your problems yourself with short-term therapy techniques / |
| Statement of responsibility, etc | Christ Zois, with Patricia Fogarty. |
| 260 ## - PUBLICATION, DISTRIBUTION, ETC.(IMPRINT) | |
| Place of publication, distribution, etc | New York, NY : |
| Name of publisher, distributor, etc | Warner Books, |
| Date of publication, distribution, etc | c1992. |
| 300 ## - PHYSICAL DESCRIPTION | |
| Extent | 259 p. ; |
| 650 #0 - SUBJECT--TOPIC | |
| General subdivision | Popular works. |
| 700 1# - ADDED ENTRY--PERSONAL AUTHOR | |
| Personal Name | Fogarty, Patricia. |
| 942 ## - ADDED ENTRY ELEMENTS(KOHA) | |
| Source of classification or shelving scheme | Library of Congress Classification |
| Koha item type | General circulation |
| Source of classification or shelving scheme | Not for loan | Location (home branch) | Sublocation (holding branch) | Shelving location | Date accessioned | Full call number | Barcode | Koha item type | Public note |
|---|---|---|---|---|---|---|---|---|---|
| Library of Congress Classification | Main Campus Library | Main Campus Library | 25/05/2016 | RC 480.55 .Z65 1992 | 2016/018640 | General circulation | em |